Prince Claus Fund/ (Record no. 3809)

MARC details
000 -LEADER
campo de control de longitud fija 01601nam a22004337a 4500
003 - IDENTIFICADOR DE NÚMERO DE CONTROL
campo de control OSt
005 - FECHA Y HORA DE LA ÚLTIMA TRANSACCIÓN
campo de control 20230607125501.0
008 - DATOS DE LONGITUD FIJA--INFORMACIÓN GENERAL
campo de control de longitud fija 221006b |||||||| |||| 00| 0 eng d
040 ## - FUENTE DE CATALOGACIÓN
Centro/agencia transcriptor Biblioteca Lado V
082 ## - NÚMERO DE LA CLASIFICACIÓN DECIMAL DEWEY
Número de clasificación 700
Número de ítem V217p
100 ## - ENTRADA PRINCIPAL--NOMBRE DE PERSONA
9 (RLIN) 285
Nombre de persona Van der Plas, Els
Término indicativo de función/relación editor
245 ## - MENCIÓN DEL TÍTULO
Título Prince Claus Fund/
Resto del título Journal #1/
260 ## - PUBLICACIÓN, DISTRIBUCIÓN, ETC.
Lugar de publicación, distribución, etc. Fonds C
Fecha de publicación, distribución, etc. 1998
Nombre del editor, distribuidor, etc. Londres
300 ## - DESCRIPCIÓN FÍSICA
Dimensiones 17x24cm
Extensión 72p.
366 ## - INFORMACIÓN SOBRE DISPONIBILIDAD COMERCIAL
Nota spa
490 ## - MENCIÓN DE SERIE
Mención de serie 1
Designación de volumen o secuencia 1998
Número Internacional Normalizado para Publicaciones Seriadas 1388 5456
505 ## - NOTA DE CONTENIDO CON FORMATO
Título Organisation of the Prince Claus Fund
505 ## - NOTA DE CONTENIDO CON FORMATO
Título The prince Claus Found Journal
505 ## - NOTA DE CONTENIDO CON FORMATO
Título Le Journal de la Fondation Prince Claus
505 ## - NOTA DE CONTENIDO CON FORMATO
Título Profile of the Prince Claus Fund
505 ## - NOTA DE CONTENIDO CON FORMATO
Título Profil de la Fondation Prince Claus<br/>
505 ## - NOTA DE CONTENIDO CON FORMATO
Título The 1997 Prince Clause Awards
505 ## - NOTA DE CONTENIDO CON FORMATO
Título Zimbabwean Lives
505 ## - NOTA DE CONTENIDO CON FORMATO
Título An Architecture for a Latitude
505 ## - NOTA DE CONTENIDO CON FORMATO
Título Faut-il encore souhaiter
505 ## - NOTA DE CONTENIDO CON FORMATO
Título Developpements actuels en relation avec
505 ## - NOTA DE CONTENIDO CON FORMATO
Título Le temps des ecrivains: des livres et des racines
505 ## - NOTA DE CONTENIDO CON FORMATO
Título Works of Art
505 ## - NOTA DE CONTENIDO CON FORMATO
Título For the Transcultural Record
505 ## - NOTA DE CONTENIDO CON FORMATO
Título Internationalism and the Arts
505 ## - NOTA DE CONTENIDO CON FORMATO
Título Activities supported by the Prince Claus Fund
650 ## - PUNTO DE ACCESO ADICIONAL DE MATERIA--TÉRMINO DE MATERIA
Fuente del encabezamiento o término Tesauro de Arte & Arquitectura
Término de materia o nombre geográfico como elemento de entrada ARTE
9 (RLIN) 703
650 ## - PUNTO DE ACCESO ADICIONAL DE MATERIA--TÉRMINO DE MATERIA
Fuente del encabezamiento o término Tesauro de Arte & Arquitectura
Término de materia o nombre geográfico como elemento de entrada PREMIOS PRINCIPE CLAUS
9 (RLIN) 702
650 ## - PUNTO DE ACCESO ADICIONAL DE MATERIA--TÉRMINO DE MATERIA
Fuente del encabezamiento o término Tesauro de Arte & Arquitectura
Término de materia o nombre geográfico como elemento de entrada ARQUITECTURA
9 (RLIN) 702
650 ## - PUNTO DE ACCESO ADICIONAL DE MATERIA--TÉRMINO DE MATERIA
Fuente del encabezamiento o término Tesauro de Arte & Arquitectura
Término de materia o nombre geográfico como elemento de entrada ARTE CONTEMPORANEO
650 ## - PUNTO DE ACCESO ADICIONAL DE MATERIA--TÉRMINO DE MATERIA
Fuente del encabezamiento o término Tesauro de Arte & Arquitectura
Término de materia o nombre geográfico como elemento de entrada EXPOSICION
700 ## - ENTRADA AGREGADA--NOMBRE PERSONAL
Nombre de persona Navarreta, Jose Antonio
Término indicativo de función/relación editor
942 ## - ELEMENTOS DE ENTRADA SECUNDARIOS (KOHA)
Fuente del sistema de clasificación o colocación Clasificación Decimal Dewey
Tipo de ítem Koha Libros
Parte de la signatura que corresponde a la clasificación (Parte de la clasificación) 700
Parte de la signatura que identifica el ejemplar (Parte del ítem) V217p
Suprimir en OPAC No
Holdings
Estatus retirado Estado de pérdida Fuente del sistema de clasificación o colocación Especificación de materiales (volumen encuadernado u otra parte) Estado de daño No para préstamo Colección Biblioteca de origen Biblioteca actual Fecha de adquisición Enumeración/cronología de publicación seriada Número de inventario Total de préstamos Signatura topográfica completa Código de barras Visto por última vez Precio de reemplazo Tipo de ítem Koha
    Clasificación Decimal Dewey 1998     Revistas Biblioteca LadoV Biblioteca LadoV 07/06/2023 1 003464   700 V217p 003464 07/06/2023 07/06/2023 Libros